Tecla (Record no. 37849)
[ view plain ]
| 000 -LEADER | |
|---|---|
| fixed length control field | 00717nam a22001817a 4500 |
| 003 - CONTROL NUMBER IDENTIFIER | |
| control field | IT-RoPau |
| 005 - DATE AND TIME OF LATEST TRANSACTION | |
| control field | 20220918175939.0 |
| 008 - FIXED-LENGTH DATA ELEMENTS--GENERAL INFORMATION | |
| fixed length control field | 130125b xxu||||| |||| 00| 0 eng d |
| 040 ## - CATALOGING SOURCE | |
| Transcribing agency | IT-RoPau |
| 100 ## - MAIN ENTRY--PERSONAL NAME | |
| Personal name | P. , Lucia |
| 9 (RLIN) | 257 |
| 245 ## - TITLE STATEMENT | |
| Title | Tecla |
| Remainder of title | Una testimonianza viva |
| 250 ## - EDITION STATEMENT | |
| Edition statement | I |
| 260 ## - PUBLICATION, DISTRIBUTION, ETC. (IMPRINT) | |
| Place of publication, distribution, etc. | Milano |
| Name of publisher, distributor, etc. | FSP |
| Date of publication, distribution, etc. | 1988 |
| 300 ## - PHYSICAL DESCRIPTION | |
| Extent | 49 p. |
| Dimensions | 19 cm |
| 490 ## - SERIES STATEMENT | |
| Series statement | Edizioni Paoline |
| Volume/sequential designation | I |
| 520 ## - SUMMARY, ETC. | |
| Summary, etc. | Indice<br/><br/>1. Una personalità armonica<br/>2. Una vocazione nuova<br/>3. Una donna di fede<br/>4. La dimensione del nomade<br/>5. Geografia viva<br/>6. Una donna contemplativa e attiva<br/>7. La dimensione del deserto<br/>8. La dimensione dello stupore<br/>9. Una svolta storica<br/>10. Una presenza viva e dinamica |
| 942 ## - ADDED ENTRY ELEMENTS (KOHA) | |
| Source of classification or shelving scheme | Dewey Decimal Classification |
| Koha item type | LIBRO |
| Withdrawn status | Lost status | Source of classification or shelving scheme | Damaged status | Not for loan | Home library | Current library | Date acquired | Total Checkouts | Full call number | Date last seen | Price effective from | Koha item type |
|---|---|---|---|---|---|---|---|---|---|---|---|---|
| Dewey Decimal Classification | Buone Condizioni | Not For Loan | PAULUS-BIBLIOTECA | PAULUS-BIBLIOTECA | 25/01/2013 | P B4 | 25/01/2013 | 25/01/2013 | LIBRO | |||
| Dewey Decimal Classification | Buone Condizioni | Not For Loan | PAULUS-BIBLIOTECA | PAULUS-BIBLIOTECA | 25/01/2013 | P B4 | 25/01/2013 | 25/01/2013 | LIBRO | |||
| Dewey Decimal Classification | Buone Condizioni | Not For Loan | PAULUS-BIBLIOTECA | PAULUS-BIBLIOTECA | 25/01/2013 | P B4 | 25/01/2013 | 25/01/2013 | LIBRO |